Informovanoť mladých ľudí o neziskových organízáciách a ich angažovanosť v dobrovoľníctve

Budovanie záujmu o dobrovoľníctvo v spoločnosti. Význam ľudskej aktivity na poli neziskového sektora. Výsledky prieskumu študentov Podnikovohospodárskej fakulty Ekonomickej univerzity v Bratislave so sídlom v Košiciach.

Saved in:
Bibliographic Details
Main Author: Pčolinská, Lenka
Other Authors: Mikitová, Lenka
Format: Book Chapter
Language:Slovak
Subjects:
Tags: Add Tag
No Tags, Be the first to tag this record!

MARC

LEADER 00000nla a2200000 4500
001 0180703
005 20240502073103.9
041 0 |a slo 
044 |a SK 
245 1 0 |a Informovanoť mladých ľudí o neziskových organízáciách a ich angažovanosť v dobrovoľníctve  |c Lenka Pčolinská, Lenka Mikitová 
520 |a Budovanie záujmu o dobrovoľníctvo v spoločnosti. Význam ľudskej aktivity na poli neziskového sektora. Výsledky prieskumu študentov Podnikovohospodárskej fakulty Ekonomickej univerzity v Bratislave so sídlom v Košiciach. 
610 2 0 |a organizácie neziskové 
610 2 0 |a práca spoločensky užitočná 
610 2 0 |a práca sociálna 
610 2 0 |a pracovníci dobrovoľní 
610 2 0 |a dobrovoľníctvo 
610 2 0 |a prieskum 
100 1 |a Pčolinská, Lenka 
700 1 |a Mikitová, Lenka